书目信息 |
| 题名: |
民主团结辉煌 1981-2001
|
|
| 作者: | ;政协平顶山市委员会 编 | |
| 分册: | ||
| 出版信息: |
|
|
| 页数: | 73页 | |
| 开本: | 29cm | |
| 丛书名: | ||
| 单 册: | ||
| 中图分类: | D676.1 | |
| 科图分类: | ||
| 主题词: | 政治--中国 | |
| 电子资源: | ||
| ISBN: | ||
| 000 | 00660nam0 2200181 450 | |
| 001 | 0635833334 | |
| 005 | 20060114100000.09 | |
| 010 | @b精装@dCNY118.00 | |
| 100 | @a20060114d km y0chiy0120 ea | |
| 101 | 0 | @achi |
| 200 | 1 | @a民主团结辉煌 1981-2001@Amin zhu tuan jie hui huang 1981-2001@e平顶山市政协二十年@f政协平顶山市委员会编@Fzheng xie ping ding shan shi wei yuan hui bian |
| 215 | @a73页@d29cm | |
| 517 | 1 | @a平顶山市政协二十年@Aping ding shan shi zheng xie er shi nian |
| 606 | 0 | @a政治@x中国 |
| 690 | @aD676.1@v3 | |
| 711 | 0 | @a政协平顶山市委员会@Azheng xie ping ding shan shi wei yuan hui@4编 |
| 801 | 0 | @aCN@bPFT@c20060114 |
| 905 | @a10447@dD676.1@eZ464 | |
| 民主团结辉煌 1981-2001:平顶山市政协二十年/政协平顶山市委员会编 |
| 73页;29cm |
| ISBN (精装):CNY118.00 |
| ● |
| 相关链接 |
|
|
|
正题名:民主团结辉煌 1981-2001
索取号:D676.1/Z464
 
预约/预借
| 序号 | 登录号 | 条形码 | 馆藏地/架位号 | 状态 | 备注 |
| 1 | 442668 | 204426683 | 特藏库/ [索取号:D676.1/Z464] | 在馆 |